[Event "Detroit (MCO/Ch/2b/1)"]
[Site "?"]
[Date "1994.??.??"]
[Round "?"]
[White "Men, Boris"]
[Black "Drkulec, Vladimir"]
[Result "1-0"]
[WhiteElo "2545"]
[BlackElo "2225"]
[PlyCount "71"]
[EventDate "1994.??.??"]

1. e4 e5 2. Nf3 Nc6 3. Bb5 a6 4. Ba4 Nf6 5. Qe2 Be7 6. c3 b5 7. Bb3 O-O 8. d4
d5 9. exd5 e4 10. dxc6 exf3 11. gxf3 Bd6 12. Be3 Nh5 13. Nd2 Nf4 14. Bxf4 Bxf4
15. O-O-O Re8 16. Qd3 Qf6 17. Bc2 g6 18. Kb1 Qxc6 19. d5 Qd6 20. Ne4 Qe5 21.
Qd4 Kg7 22. Qxe5+ Bxe5 23. h4 f5 24. Nc5 Bd6 25. Nd3 f4 26. Nc1 Bb7 27. Be4 Re5
28. Nb3 Rae8 29. c4 bxc4 30. Na5 Rb8 31. Nxc4 Rh5 32. Nxd6 cxd6 33. Rd3 Rc8 34.
Rc1 Rxc1+ 35. Kxc1 Rxh4 36. Rc3 1-0

[Event "Detroit (MCO/Ch/5/2)"]
[Site "?"]
[Date "1994.??.??"]
[Round "?"]
[White "Men, Boris"]
[Black "Berkovich, D."]
[Result "1-0"]
[WhiteElo "2545"]
[BlackElo "2485"]
[PlyCount "71"]
[EventDate "1994.??.??"]

{5/(2)} 1. e4 c5 2. c3 d6 3. d4 Nd7 4. Nf3 e6 5. Bd3 h6 6. O-O Ne7 7. Re1 a6 8.
Nbd2 Qc7 9. a4 b6 10. Nc4 Bb7 11. e5 dxe5 12. dxe5 Nd5 13. Be4 O-O-O 14. Nd6+
Bxd6 15. exd6 Qb8 16. c4 Nb4 17. Bxb7+ Kxb7 18. a5 g5 19. axb6 g4 20. Nd2 Qxd6
21. Qxg4 Qc6 22. Nb3 Kxb6 23. Na5 Qa8 24. Qf4 Nf8 25. Qxf7 Rh7 26. Qf6 Nd3 27.
Rxe6+ Nxe6 28. Qxe6+ Kc7 29. Be3 Rg7 30. Bf4+ Nxf4 31. Qe5+ Rd6 32. Qxg7+ Kb6
33. b4 cxb4 34. c5+ Kxc5 35. Qc7+ Kb5 36. Qc4+ 1-0

[Event "Eastpointe (US Am N/4/40)"]
[Site "?"]
[Date "1994.??.??"]
[Round "?"]
[White "Melton, J."]
[Black "Sturgis, Derreck"]
[Result "1-0"]
[WhiteElo "1605"]
[BlackElo "1605"]
[PlyCount "77"]
[EventDate "1994.??.??"]

{4/(40)} 1. e4 c5 2. Nf3 Nc6 3. Bc4 e6 4. d3 d5 5. Bb3 Bd6 6. Bg5 f6 7. Bh4
Nge7 8. a3 d4 9. c3 O-O 10. O-O Kh8 11. Ba2 e5 12. b4 b6 13. b5 Nb8 14. cxd4
cxd4 15. Bg3 a6 16. Nh4 axb5 17. f4 Nd7 18. Nf5 Nc5 19. Nxd6 Qxd6 20. fxe5 Qe6
21. Bxe6 Nxe6 22. exf6 gxf6 23. e5 f5 24. Ra2 f4 25. Raf2 Nd5 26. Qb3 Bb7 27.
Bh4 Ne3 28. Qxe6 Nd5 29. Rxf4 Rxf4 30. Rxf4 Rg8 31. Bf6+ Nxf6 32. Qxf6+ Rg7 33.
g3 Bd5 34. Nd2 h6 35. Qxh6+ Kg8 36. Ne4 Bxe4 37. Rxe4 Kf7 38. e6+ Kf8 39. e7+
1-0

[Event "Detroit (MOR/6/40)"]
[Site "?"]
[Date "1994.??.??"]
[Round "?"]
[White "Melton, J."]
[Black "Strenio, G."]
[Result "0-1"]
[WhiteElo "1605"]
[BlackElo "1605"]
[PlyCount "72"]
[EventDate "1994.??.??"]

{6/(40)} 1. e4 c5 2. Nf3 e6 3. Nc3 a6 4. d4 cxd4 5. Nxd4 Qc7 6. a3 b5 7. Bd3
Bb7 8. O-O Nf6 9. f4 Bc5 10. Be3 Nc6 11. Nxc6 Bxe3+ 12. Kh1 Bxc6 13. Qf3 Bb6
14. f5 O-O 15. Rae1 e5 16. Nd5 Bxd5 17. exd5 d6 18. Qh3 Qc5 19. Qh4 Bd8 20. b4
Qxd5 21. Be4 Nxe4 22. Qxe4 Qxe4 23. Rxe4 Rc8 24. Rf2 Rc3 25. h3 Rxa3 26. Rd2
Be7 27. c4 Rc8 28. cxb5 axb5 29. Kh2 Rb3 30. h4 Rc4 31. Rxc4 bxc4 32. g3 Rxb4
33. Rc2 d5 34. Kh3 h5 35. Re2 f6 36. Rd2 d4 0-1

[Event "Detroit (MCO/DEU/1b/4)"]
[Site "?"]
[Date "1994.??.??"]
[Round "?"]
[White "Melton, J."]
[Black "Nolan, Dan"]
[Result "1/2-1/2"]
[WhiteElo "1605"]
[BlackElo "1605"]
[PlyCount "59"]
[EventDate "1994.??.??"]

1. e4 c5 2. d4 d6 3. Nf3 Nf6 4. e5 dxe5 5. dxe5 Qxd1+ 6. Kxd1 Ne4 7. Be3 e6 8.
Nbd2 Nxd2 9. Bxd2 Be7 10. Bd3 O-O 11. h4 Nc6 12. a3 f6 13. h5 h6 14. Rh3 Bd7
15. Rg3 f5 16. Bxh6 Rf7 17. Bg5 Nxe5 18. Nxe5 Bd6 19. f4 Bxe5 20. fxe5 Rc8 21.
Bf6 Kh7 22. Kd2 gxf6 23. Rh1 fxe5 24. Re1 e4 25. Bc4 b5 26. Be2 f4 27. Rg5 e3+
28. Kc1 Kh6 29. Rg6+ Kh7 30. Bd3 1/2-1/2

[Event "Detroit (MOR/4/50)"]
[Site "?"]
[Date "1994.??.??"]
[Round "?"]
[White "Melton, J."]
[Black "Lerner, S."]
[Result "0-1"]
[WhiteElo "1605"]
[BlackElo "1605"]
[PlyCount "38"]
[EventDate "1994.??.??"]

{4/(50)} 1. e4 c5 2. Nf3 Nc6 3. d4 cxd4 4. Nxd4 d6 5. Bb5 Bd7 6. O-O g6 7. f4
Bg7 8. Be3 Nf6 9. e5 Nd5 10. Bf2 dxe5 11. fxe5 Nxd4 12. Bxd7+ Qxd7 13. Qxd4 O-O
14. c4 Nb6 15. Rd1 Qxd4 16. Bxd4 Nxc4 17. b3 Nxe5 18. Re1 Nf3+ 19. gxf3 Bxd4+
0-1

[Event "Eastpointe (US Am N/6/36)"]
[Site "?"]
[Date "1994.??.??"]
[Round "?"]
[White "Melton, J."]
[Black "Koernke, J."]
[Result "1/2-1/2"]
[WhiteElo "1605"]
[BlackElo "1605"]
[PlyCount "131"]
[EventDate "1994.??.??"]

{6/(36)} 1. e4 e5 2. Nf3 Nf6 3. Nc3 Nc6 4. Bc4 Bc5 5. d3 d6 6. Be3 Bxe3 7. fxe3
Bg4 8. O-O O-O 9. h3 Bxf3 10. Qxf3 Na5 11. Nd5 Nxc4 12. dxc4 c6 13. Nxf6+ Qxf6
14. Qg4 Qe7 15. Rf3 f6 16. h4 g5 17. Rd1 Rae8 18. c5 Qe6 19. Qxe6+ Rxe6 20.
Rxd6 Rxd6 21. cxd6 h6 22. hxg5 hxg5 23. c4 b6 24. d7 Kg7 25. Rf2 Kf7 26. b4 c5
27. a3 a5 28. Rb2 a4 29. bxc5 bxc5 30. Rb7 Rd8 31. Rc7 Ke7 32. Rxc5 Rxd7 33.
Ra5 Rd3 34. Rxa4 Rxe3 35. c5 Rc3 36. Ra5 Rc4 37. a4 Rxe4 38. Kf2 Kd7 39. Kf3 f5
40. Ra6 g4+ 41. Kg3 Rc4 42. Ra5 Kc6 43. Ra6+ Kxc5 44. Ra5+ Kd4 45. Ra7 e4 46.
a5 Rc3+ 47. Kf2 e3+ 48. Ke2 Rc2+ 49. Ke1 Kd3 50. Rd7+ Ke4 51. a6 Rxg2 52. a7
Ra2 53. Re7+ Kf3 54. Re5 Rxa7 55. Rxf5+ Ke4 56. Rf8 Rg7 57. Ke2 g3 58. Re8+ Kf4
59. Rxe3 g2 60. Rf3+ Ke4 61. Re3+ Kd4 62. Rd3+ Ke4 63. Re3+ Kf4 64. Rf3+ Ke4
65. Re3+ Kf5 66. Rf3+ 1/2-1/2

[Event "Detroit (MCO/DEU/5/18)"]
[Site "?"]
[Date "1994.??.??"]
[Round "?"]
[White "Melton, J."]
[Black "Kimura, Daniel"]
[Result "1-0"]
[WhiteElo "1605"]
[BlackElo "1605"]
[PlyCount "81"]
[EventDate "1994.??.??"]

{5/(18)} 1. e4 e5 2. Nf3 Nc6 3. Bc4 Bc5 4. d4 exd4 5. Ng5 Ne5 6. Bb3 Nf6 7. O-O
h6 8. Nf3 Nxe4 9. Nxe5 O-O 10. Qf3 Ng5 11. Qh5 d6 12. Ng6 Re8 13. Bxg5 Qd7 14.
Bd2 Qb5 15. Na3 Qc6 16. Bxh6 Be6 17. Bxe6 Rxe6 18. Nf4 Rxh6 19. Qe2 Re8 20. Qd2
Qa4 21. Rae1 Rxe1 22. Qxe1 Bb4 23. Qe7 Bd2 24. Qd8+ Kh7 25. Nd3 Qc6 26. Qe7 Re6
27. Qh4+ Rh6 28. Qxd4 Rg6 29. f3 Re6 30. Qc4 Qb6+ 31. Kh1 a5 32. Nb1 Bb4 33. a3
Bc5 34. Nxc5 dxc5 35. b3 a4 36. Qxa4 c4 37. Qxc4 Qf2 38. Qd3+ Re4 39. fxe4 Qc5
40. e5+ g6 41. Rxf7+ 1-0

[Event "Eastpointe (EDO/2/27)"]
[Site "?"]
[Date "1994.??.??"]
[Round "?"]
[White "Melton, J."]
[Black "Kane, Paul"]
[Result "0-1"]
[WhiteElo "1605"]
[BlackElo "1605"]
[PlyCount "102"]
[EventDate "1994.??.??"]

{2/(27)} 1. e4 c5 2. Nf3 d6 3. Bc4 e6 4. Nc3 a6 5. a4 Nf6 6. d3 Nc6 7. d4 cxd4
8. Nxd4 Be7 9. O-O O-O 10. f4 Nxe4 11. Nxc6 bxc6 12. Nxe4 d5 13. Qe2 dxc4 14.
Qxc4 Qb6+ 15. Kh1 Bb7 16. a5 Qb5 17. Qxb5 cxb5 18. Ng3 Rac8 19. c3 b4 20. Bd2
Rfd8 21. Be1 bxc3 22. Bxc3 Bc5 23. f5 e5 24. Bxe5 Rd2 25. Rg1 Bxg1 26. Rxg1
Rcc2 27. Bc3 Bxg2+ 28. Rxg2 Rxg2 29. Nf1 Rxb2 30. Bxb2 Rxb2 31. Kg1 Rb5 32. Ne3
Rxa5 33. Kf2 f6 34. Kf3 Re5 35. h4 a5 36. Nc4 a4 37. Kf4 Rc5 38. Na3 Rc3 39.
Nb5 Rc4+ 40. Ke3 Rxh4 41. Kd2 g5 42. fxg6 hxg6 43. Kc2 g5 44. Kd2 f5 45. Ke3
Rh3+ 46. Kf2 a3 47. Nxa3 Rxa3 48. Kg2 g4 49. Kf2 f4 50. Kg2 Ra2+ 51. Kf1 g3 0-1

[Event "Eastpointe (US Am N/2/39)"]
[Site "?"]
[Date "1994.??.??"]
[Round "?"]
[White "Melton, J."]
[Black "Iyer, Krishnan"]
[Result "0-1"]
[WhiteElo "1605"]
[BlackElo "1605"]
[PlyCount "72"]
[EventDate "1994.??.??"]

{2/(39)} 1. e4 e5 2. Nf3 Nc6 3. Bc4 Bc5 4. c3 Nf6 5. b4 Bb6 6. d3 d6 7. Be3 Be6
8. Nbd2 O-O 9. Bb3 Ng4 10. Nc4 Bxc4 11. Bxc4 Bxe3 12. fxe3 Nxe3 13. Qe2 Nxc4
14. dxc4 b6 15. O-O Qe7 16. Qd2 Qe6 17. Rf2 Qxc4 18. Raf1 Ne7 19. Ng5 f6 20.
Nh3 Qxe4 21. Re2 Qc6 22. Re3 a5 23. a3 axb4 24. cxb4 Ra6 25. Nf2 Qa8 26. Qd3 d5
27. Rg3 e4 28. Qe3 Nf5 29. Qf4 Nxg3 30. Qxg3 Qa7 31. Ng4 Rxa3 32. Qh4 Ra1 33.
Ne3 Rxf1+ 34. Nxf1 b5+ 35. Kh1 Qd4 36. Qg4 Qf2 0-1

[Event "Eastpointe (EDO/5/26)"]
[Site "?"]
[Date "1994.??.??"]
[Round "?"]
[White "Melton, J."]
[Black "Gentry, Loyd"]
[Result "0-1"]
[WhiteElo "1605"]
[BlackElo "1605"]
[PlyCount "53"]
[EventDate "1994.??.??"]

{5/(26)} 1. e4 e5 2. Nf3 Nc6 3. Bc4 Bc5 4. c3 d6 5. b4 Bb6 6. a4 a5 7. b5 Nce7
8. Ng5 Nh6 9. Qf3 O-O 10. h3 c6 11. Na3 d5 12. exd5 cxd5 13. Bb3 f6 14. Nxh7
Kxh7 15. Bc2+ Bf5 16. d3 Re8 17. g4 Bg6 18. h4 Qc7 19. Bd2 Neg8 20. h5 e4 21.
hxg6+ Kxg6 22. dxe4 Kf7 23. g5 dxe4 24. Bxe4 Rxe4+ 25. Kd1 Ng4 26. Kc2 Rae8 27.
Rhg1 {[Remainder illegible; 0-1, 46?]} 0-1

[Event "Detroit (MOR/2/70)"]
[Site "?"]
[Date "1994.??.??"]
[Round "?"]
[White "Melton, J."]
[Black "Fields, W."]
[Result "1-0"]
[WhiteElo "1605"]
[BlackElo "1605"]
[PlyCount "115"]
[EventDate "1994.??.??"]

{2/(70)} 1. e4 Nc6 2. Nf3 e5 3. Bc4 Bb4 4. c3 Be7 5. d3 Nf6 6. Ng5 O-O 7. b4 d5
8. Bb3 Bg4 9. f3 Bh5 10. g4 Bg6 11. Nh3 dxe4 12. fxe4 Qd7 13. Nf2 Rad8 14. Nd2
Rfe8 15. g5 Nh5 16. Nf3 Bf8 17. Nh4 Qd6 18. a4 Rd7 19. Ba3 Nd8 20. b5 Qb6 21.
Bxf8 Rxf8 22. Bc4 Qe3+ 23. Qe2 Qxg5 24. Nxg6 Qxg6 25. Qg4 Qxg4 26. Nxg4 Nf4 27.
Nxe5 Re7 28. d4 Kh8 29. O-O-O f6 30. Nd3 Nh3 31. e5 fxe5 32. Nxe5 Ne6 33. Bxe6
Rxe6 34. Rhf1 Ref6 35. Rxf6 Rxf6 36. Re1 Kg8 37. Nd7 Rf3 38. Kd2 Rf2+ 39. Re2
Rxe2+ 40. Kxe2 Kf7 41. Nc5 Nf4+ 42. Ke3 Nd5+ 43. Kd3 b6 44. Na6 g5 45. c4 Nf4+
46. Ke4 Ne2 47. Nxc7 Nc3+ 48. Kf5 h6 49. d5 Nxa4 50. d6 Nc5 51. Nd5 Nd7 52. Ne7
Nb8 53. Nc8 Ke8 54. Nxa7 Kd7 55. Ke5 g4 56. Nc6 Nxc6+ 57. bxc6+ Kxc6 58. Ke6
1-0

[Event "Eastpointe (EDO/4/24)"]
[Site "?"]
[Date "1994.??.??"]
[Round "?"]
[White "Melton, J."]
[Black "Collins, Charles"]
[Result "0-1"]
[WhiteElo "1605"]
[BlackElo "1720"]
[PlyCount "64"]
[EventDate "1994.??.??"]

{4/(24)} 1. e4 Nf6 2. Nc3 d6 3. Nf3 g6 4. Bc4 Bg7 5. Bxf7+ Kxf7 6. Ng5+ Kf8 7.
d4 h6 8. Nf3 Bg4 9. h3 Bd7 10. Nh4 Qe8 11. Qd3 g5 12. Nf5 e5 13. Nxg7 Kxg7 14.
d5 Na6 15. Qf3 Rf8 16. Qe3 Qg6 17. Bd2 Nc5 18. f3 Nh5 19. Qf2 Rf7 20. O-O-O b5
21. g4 Nf6 22. h4 Nfxe4 23. Nxe4 Nxe4 24. Qe3 Nxd2 25. Rxd2 Raf8 26. hxg5 Qxg5
27. Qxg5+ hxg5 28. Rh5 Rxf3 29. Rxg5+ Kf6 30. Rh5 Rf1+ 31. Rd1 Rxd1+ 32. Kxd1
Bxg4+ 0-1

[Event "Detroit (MCO/DEU/3b/9)"]
[Site "?"]
[Date "1994.??.??"]
[Round "?"]
[White "Melton, J."]
[Black "Card, A."]
[Result "0-1"]
[WhiteElo "1605"]
[BlackElo "1605"]
[PlyCount "105"]
[EventDate "1994.??.??"]

1. e4 c5 2. d4 cxd4 3. c3 dxc3 4. Nxc3 d6 5. Nf3 Nc6 6. Bc4 Bg4 7. h3 Bxf3 8.
Qxf3 Ne5 9. Qe2 Nxc4 10. Qxc4 a6 11. O-O Rc8 12. Qa4+ Rc6 13. Be3 Nf6 14. Rad1
e5 15. Bg5 b5 16. Qb3 Be7 17. Bxf6 Bxf6 18. a4 O-O 19. axb5 axb5 20. Rd5 Qd7
21. Rfd1 Be7 22. Rxe5 Qa7 23. Rxb5 Bh4 24. Rf5 Rb6 25. Qc2 Rfb8 26. b4 Rxb4 27.
Rxd6 Rb2 28. Qd3 Bxf2+ 29. Kh2 Qc7 30. e5 g6 31. Nd5 Qb7 32. Nf6+ Kg7 33. Nh5+
Kh6 34. Rxf2 Rxf2 35. Qe3+ Kxh5 36. Qxf2 f5 37. Qf3+ Qxf3 38. gxf3 Rb2+ 39. Kg3
g5 40. f4 Rb3+ 41. Kg2 gxf4 42. Rd7 Kg6 43. e6 Re3 44. Rd6 Kf6 45. e7+ Kxe7 46.
Rh6 f3+ 47. Kf2 f4 48. Rxh7+ Ke6 49. h4 Ke5 50. Re7+ Kd4 51. Rxe3 fxe3+ 52.
Kxf3 Kd3 53. Kg2 0-1

[Event "Flint (MI Senior/2/8)"]
[Site "?"]
[Date "1994.??.??"]
[Round "?"]
[White "Meek, R."]
[Black "Timberlake, B."]
[Result "0-1"]
[WhiteElo "1605"]
[BlackElo "1605"]
[PlyCount "46"]
[EventDate "1994.??.??"]

{2/(8)} 1. d4 b6 2. c4 e6 3. Nf3 Nc6 4. g3 d5 5. cxd5 Qxd5 6. Bg2 Bb7 7. O-O
O-O-O 8. e3 g5 9. Ne5 Qxg2+ 10. Kxg2 Nxe5+ 11. Kg1 Nf3+ 12. Kg2 Nxd4+ 13. f3
Nxf3 14. Qe2 Nd4+ 15. Kf2 Nxe2 16. Kxe2 Ba6+ 17. Kf2 Bxf1 18. Kxf1 Rd1+ 19. Ke2
Rxc1 20. Kd2 Rh1 21. a4 Rxh2+ 22. Kc3 Bg7+ 23. Kb3 Rxb2+ 0-1

[Event "Detroit (MCO/C/5/5)"]
[Site "?"]
[Date "1994.??.??"]
[Round "?"]
[White "McNeil, Yaking"]
[Black "West, Tony"]
[Result "1/2-1/2"]
[WhiteElo "1605"]
[BlackElo "1605"]
[PlyCount "139"]
[EventDate "1994.??.??"]

{5/(5)} 1. e4 c5 2. Nf3 Nc6 3. Bc4 d6 4. d4 cxd4 5. Nxd4 Nf6 6. Nc3 g6 7. Bg5
Bg7 8. Nf3 O-O 9. O-O a6 10. a4 Qc7 11. Bxf6 exf6 12. Nd5 Qd8 13. Rb1 f5 14.
exf5 Bxf5 15. Bd3 Be6 16. Nf4 Bg4 17. h3 Bd7 18. Bc4 Ne5 19. Bb3 Nxf3+ 20. Qxf3
Bc6 21. Bd5 Bxa4 22. b3 Bc6 23. Bxc6 bxc6 24. Qxc6 Qg5 25. Qf3 Qf5 26. c4 Be5
27. Nd3 Qxf3 28. gxf3 Bd4 29. Rfd1 Rfd8 30. Nb4 Bc5 31. Nc6 Re8 32. b4 Rac8 33.
bxc5 Rxc6 34. cxd6 Rxc4 35. Rb6 a5 36. Rdb1 Rd4 37. Rb8 Rxb8 38. Rxb8+ Kg7 39.
Ra8 a4 40. d7 Rxd7 41. Rxa4 Rd3 42. Kg2 Kf6 43. Rf4+ Ke6 44. Rh4 h5 45. Re4+
Kf5 46. Rc4 Rd5 47. Kg3 g5 48. Kg2 h4 49. Rg4 f6 50. Rc4 Ke5 51. Re4+ Kf5 52.
Rc4 Re5 53. Rc6 Re6 54. Rc5+ Re5 55. Rc6 Rd5 56. Rc4 Ra5 57. Rd4 Kg6 58. Rc4
Rf5 59. Rb4 Rd5 60. Rc4 Kf5 61. Re4 Rc5 62. Rd4 Ke5 63. Re4+ Kd5 64. Ra4 Rc4
65. Ra5+ Ke6 66. Rb5 f5 67. Rb6+ Ke5 68. Rb5+ Kf4 69. Rb8 Rd4 70. Rc8 1/2-1/2

[Event "Detroit (MCO/C/7/2)"]
[Site "?"]
[Date "1994.??.??"]
[Round "?"]
[White "McNeil, Yaking"]
[Black "Waller, A."]
[Result "0-1"]
[WhiteElo "1605"]
[BlackElo "1605"]
[PlyCount "54"]
[EventDate "1994.??.??"]

{7/(2)} 1. e4 c6 2. Nf3 d5 3. exd5 cxd5 4. d4 Bg4 5. Be2 e6 6. h3 Bxf3 7. Bxf3
Nf6 8. Bg5 Be7 9. Nd2 Nc6 10. c3 Qb6 11. Qb3 Qc7 12. Bh4 Rb8 13. Qc2 Nxd4 14.
Qa4+ Nc6 15. c4 O-O 16. O-O Qf4 17. Bxf6 Bxf6 18. Rad1 dxc4 19. Bxc6 bxc6 20.
Qxa7 Rxb2 21. g3 Qb8 22. Qxb8 Rfxb8 23. Nxc4 Rxa2 24. Rd6 c5 25. Rfd1 Bd4 26.
Ne3 g6 27. Kf1 Rbb2 0-1

[Event "Detroit (CAO/1/2)"]
[Site "?"]
[Date "1994.??.??"]
[Round "?"]
[White "McNeil, Yaking"]
[Black "Tsemekhman, Vadim"]
[Result "0-1"]
[WhiteElo "1605"]
[BlackElo "2460"]
[PlyCount "56"]
[EventDate "1994.??.??"]

{1/(2)} 1. e4 e6 2. Nf3 d5 3. exd5 exd5 4. d4 Nf6 5. Bg5 Be7 6. c4 O-O 7. Bxf6
Bxf6 8. cxd5 Qxd5 9. Nc3 Qd8 10. Qd2 c6 11. Be2 Bf5 12. Rd1 Nd7 13. O-O Nb6 14.
Bd3 Bxd3 15. Qxd3 g6 16. d5 Bxc3 17. Qxc3 cxd5 18. Rd2 Rc8 19. Qb3 Re8 20. Rfd1
Re4 21. Qd3 Qd7 22. Qxe4 dxe4 23. Rxd7 Nxd7 24. Nd2 f5 25. Kf1 Ne5 26. Re1 Rc2
27. f4 Nd3 28. Re2 Nc1 0-1

[Event "Detroit (MCO/C/1a/5)"]
[Site "?"]
[Date "1994.??.??"]
[Round "?"]
[White "McNeil, Yaking"]
[Black "Solski, Jeff"]
[Result "1-0"]
[WhiteElo "1605"]
[BlackElo "1605"]
[PlyCount "51"]
[EventDate "1994.??.??"]

1. e4 c5 2. Nf3 e6 3. Bc4 a6 4. a4 Nc6 5. d4 cxd4 6. Nxd4 Nf6 7. Bg5 Qa5+ 8.
Bd2 Bb4 9. Nxc6 bxc6 10. c3 Be7 11. Qe2 Qe5 12. Bd3 Nh5 13. O-O Rb8 14. f4 Bc5+
15. Kh1 Qd6 16. e5 Qd5 17. Bc4 Nxf4 18. Rxf4 Rxb2 19. Bxd5 cxd5 20. Qf3 O-O 21.
Be3 Bxe3 22. Qxe3 Bb7 23. Nd2 d4 24. cxd4 Rb8 25. Rff1 Bd5 26. Rfb1 1-0

[Event "Detroit (MCO/C/4/7)"]
[Site "?"]
[Date "1994.??.??"]
[Round "?"]
[White "McNeil, Yaking"]
[Black "Piasecki, Vince"]
[Result "1-0"]
[WhiteElo "1605"]
[BlackElo "1605"]
[PlyCount "81"]
[EventDate "1994.??.??"]

{4/(7)} 1. e4 c5 2. Nf3 Nc6 3. Bc4 e6 4. d4 cxd4 5. Nxd4 a6 6. a3 Nf6 7. Nc3
Bc5 8. Nxc6 bxc6 9. O-O O-O 10. Bg5 Be7 11. e5 Ne8 12. Bxe7 Qxe7 13. Ne4 f5 14.
exf6 Nxf6 15. Qd6 Qd8 16. Bd3 Ne8 17. Qg3 d5 18. Ng5 Nf6 19. Qh4 h6 20. Nf3 Qc7
21. Rfe1 Re8 22. Ne5 Nd7 23. Qf4 Rf8 24. Qg3 Nxe5 25. Qxe5 Qb6 26. Rf1 Bd7 27.
Qc3 Rae8 28. Qb4 Qa7 29. Qd2 e5 30. c4 e4 31. Be2 d4 32. Kh1 Rxf2 33. Rxf2 e3
34. Qe1 exf2 35. Qxf2 Rf8 36. Qh4 a5 37. Rf1 Rxf1+ 38. Bxf1 Qb6 39. c5 Qxc5 40.
Qd8+ Qf8 41. Bc4+ 1-0

[Event "Detroit (MOR/4/55)"]
[Site "?"]
[Date "1994.??.??"]
[Round "?"]
[White "McNeil, Yaking"]
[Black "Moulter, Al"]
[Result "1-0"]
[WhiteElo "1605"]
[BlackElo "1605"]
[PlyCount "47"]
[EventDate "1994.??.??"]

{4/(55)} 1. e4 e5 2. Nf3 Nc6 3. Bb5 Nf6 4. d3 a6 5. Bxc6 bxc6 6. Nxe5 Bb7 7.
Bg5 Be7 8. Nd2 d6 9. Ng4 Nxg4 10. Bxe7 Nxf2 11. Bxd8 Nxd1 12. Bxc7 Ne3 13. Rc1
O-O 14. Rg1 d5 15. h3 dxe4 16. dxe4 Rfe8 17. Kf2 Rac8 18. Bf4 Nc4 19. Nxc4 Rxe4
20. Nd6 Rxf4+ 21. Kg3 Rf6 22. Nxc8 Bxc8 23. Rcd1 Rg6+ 24. Kh2 1-0

[Event "Romulus (RVO/5/16)"]
[Site "?"]
[Date "1994.??.??"]
[Round "?"]
[White "McNeil, Yaking"]
[Black "Levadi, David"]
[Result "0-1"]
[WhiteElo "1605"]
[BlackElo "1945"]
[PlyCount "112"]
[EventDate "1994.??.??"]

{5/(16)} 1. e4 Nc6 2. Nf3 Nf6 3. Nc3 d5 4. exd5 Nxd5 5. Bb5 Nxc3 6. Bxc6+ bxc6
7. bxc3 Qd5 8. h3 Qe4+ 9. Kf1 g6 10. d3 Qd5 11. c4 Qd6 12. Bb2 f6 13. Qe2 Bg7
14. Re1 Kf7 15. Nd4 e5 16. Nb3 Bd7 17. c5 Qe6 18. Qf3 Qf5 19. Qxf5 Bxf5 20. g4
Be6 21. Re3 a5 22. c4 Bh6 23. Rf3 Ke7 24. Ke2 a4 25. Nd2 Rab8 26. Bc3 Bf4 27.
a3 h5 28. gxh5 Rxh5 29. Ne4 g5 30. Rg1 f5 31. Nxg5 Rxg5 32. Rxg5 Bxg5 33. Bxe5
Rb3 34. Rg3 Bf6 35. Bxc7 Rxa3 36. Bd6+ Kf7 37. h4 Ra2+ 38. Kf3 Bxh4 39. Rg2 Bf6
40. Rh2 Bg7 41. Kf4 Rd2 42. Be5 Bxe5+ 43. Kxe5 a3 44. Rh7+ Kg6 45. Ra7 Re2+ 46.
Kd6 a2 47. Kxc6 Rxf2 48. Kd6 Kf6 49. c6 Rd2 50. Ra3 f4 51. Kc5 f3 52. Ra6 Bc8
53. Ra8 f2 54. Rxc8 a1=Q 55. c7 Qa5+ 56. Kd4 Qe5# 0-1

[Event "Detroit (WCO/1/9)"]
[Site "?"]
[Date "1994.??.??"]
[Round "?"]
[White "McNeil, Yaking"]
[Black "Jointer, William"]
[Result "0-1"]
[WhiteElo "1605"]
[BlackElo "1700"]
[PlyCount "123"]
[EventDate "1994.??.??"]

{1/(9)} 1. e4 c5 2. Nf3 Nc6 3. Bc4 g6 4. c3 Bg7 5. d4 e6 6. Be3 cxd4 7. Bxd4
Nxd4 8. Nxd4 d5 9. Bd3 Ne7 10. Bb5+ Bd7 11. Bxd7+ Qxd7 12. exd5 Qxd5 13. Nf3
Qxd1+ 14. Kxd1 O-O 15. Ke2 Rad8 16. Nbd2 Rd7 17. Rad1 Rfd8 18. Nb3 Nd5 19. g3
b6 20. Rd2 Bh6 21. Rd4 Bg7 22. Rd2 Bh6 23. Rd4 Nf6 24. Rhd1 Rxd4 25. Rxd4 Rxd4
26. Nfxd4 e5 27. Nc6 a6 28. Nxe5 Nd5 29. c4 Nf6 30. Nd2 Bf8 31. Kd3 Bc5 32. f3
Kf8 33. Ne4 Nxe4 34. Kxe4 Bg1 35. h3 f5+ 36. Kd5 Ke7 37. b4 Bf2 38. g4 Kf6 39.
a4 h5 40. f4 fxg4 41. hxg4 h4 42. Nf3 h3 43. Kc6 Be3 44. f5 gxf5 45. gxf5 Kxf5
46. Kb7 Kf4 47. Nh2 a5 48. bxa5 bxa5 49. Ka6 Bd2 50. c5 Ke5 51. Nf3+ Kd5 52.
Nxd2 h2 53. Nb3 h1=Q 54. Kxa5 Kc4 55. Nd2+ Kxc5 56. Nb3+ Kd6 57. Kb4 Qe4+ 58.
Ka3 Qd3 59. Kb2 Kc6 60. Ka3 Qd6+ 61. Kb2 Qb4 62. Kc2 {[Remainder illegible;
0-1, 66]} 0-1

[Event "Eastpointe (MI Action/5/9)"]
[Site "?"]
[Date "1994.??.??"]
[Round "?"]
[White "McNeil, Yaking"]
[Black "Jointer, William"]
[Result "0-1"]
[WhiteElo "1605"]
[BlackElo "1720"]
[PlyCount "44"]
[EventDate "1994.??.??"]

{5/(9)} 1. e4 g6 2. Nf3 c5 3. Bc4 Bg7 4. c3 Nc6 5. d4 cxd4 6. cxd4 d6 7. d5 Ne5
8. Nxe5 Bxe5 9. O-O Bg7 10. Nd2 Nf6 11. Qa4+ Bd7 12. Bb5 O-O 13. Bxd7 Nxd7 14.
Rb1 Nc5 15. Qc2 a5 16. Nb3 b6 17. Be3 Qd7 18. Nxc5 bxc5 19. a3 a4 20. b4 axb3
21. Rxb3 Qa4 22. Rb7 Qxc2 0-1

[Event "Romulus (RVO/3/18)"]
[Site "?"]
[Date "1994.??.??"]
[Round "?"]
[White "McNeil, Yaking"]
[Black "Jendras, Gerard"]
[Result "1-0"]
[WhiteElo "1605"]
[BlackElo "1845"]
[PlyCount "45"]
[EventDate "1994.??.??"]

{3/(18)} 1. e4 e5 2. Nf3 Nc6 3. Bc4 Nf6 4. d3 d5 5. exd5 Nxd5 6. Qe2 Bg4 7. Qe4
Nf6 8. Qe2 Be7 9. Nbd2 Nd4 10. Qd1 b5 11. Bxf7+ Kxf7 12. Nxe5+ Kf8 13. Nxg4
Nxg4 14. c3 Ne5 15. cxd4 Qxd4 16. O-O Qxd3 17. Re1 Qf5 18. Rxe5 Qxe5 19. Qf3+
Bf6 20. Qxa8+ Ke7 21. Qxh8 Qe1+ 22. Nf1 Bd4 23. Bg5+ 1-0

[Event "Romulus (RVO/1/7)"]
[Site "?"]
[Date "1994.??.??"]
[Round "?"]
[White "McNeil, Yaking"]
[Black "Jarosz, Stan"]
[Result "0-1"]
[WhiteElo "1605"]
[BlackElo "2095"]
[PlyCount "90"]
[EventDate "1994.??.??"]

{1/(7)} 1. e4 c5 2. Nf3 e6 3. Bc4 Nc6 4. Nc3 g6 5. d4 cxd4 6. Nxd4 Bg7 7. Nde2
a6 8. a4 Nge7 9. Be3 O-O 10. O-O d5 11. exd5 exd5 12. Nxd5 Nxd5 13. Bxd5 Bxb2
14. Rb1 Bg7 15. Bxc6 bxc6 16. Qxd8 Rxd8 17. Rb6 c5 18. Rc6 Bd7 19. Rxc5 Bxa4
20. f3 Rdc8 21. Rxc8+ Rxc8 22. c3 Bb5 23. Rf2 Re8 24. Bd4 Rxe2 25. Rxe2 Bxe2
26. Kf2 Bxd4+ 27. cxd4 Bc4 28. Ke3 a5 29. Kd2 a4 30. Kc2 a3 31. Kb1 f5 32. Ka1
Kf7 33. Kb1 Ke6 34. Ka1 Kd5 35. g4 Kxd4 36. gxf5 gxf5 37. h4 h5 38. f4 Ke4 39.
Kb1 Kxf4 40. Ka1 Ke3 41. Kb1 Kd2 42. Ka1 f4 43. Kb1 f3 44. Ka1 f2 45. Kb1 f1=Q#
0-1

[Event "Eastpointe (MI Action/1/25)"]
[Site "?"]
[Date "1994.??.??"]
[Round "?"]
[White "McNeil, Yaking"]
[Black "Herron, D."]
[Result "1-0"]
[WhiteElo "1605"]
[BlackElo "1605"]
[PlyCount "99"]
[EventDate "1994.??.??"]

{1/(25)} 1. e4 Nf6 2. Nc3 g6 3. e5 Ng8 4. Bc4 e6 5. d4 Ne7 6. Bg5 d5 7. exd6
Qxd6 8. Qd3 Bg7 9. Nge2 Nbc6 10. Nb5 Qb4+ 11. c3 Qxb2 12. Rb1 Qxb1+ 13. Qxb1
Na5 14. Bb3 Nxb3 15. Nxc7+ Kd7 16. Nxa8 b6 17. Qxb3 Nd5 18. Qa4+ Kd6 19. Qxa7
h6 20. Bf4+ e5 21. dxe5+ Bxe5 22. Bxe5+ Kxe5 23. f4+ Nxf4 24. Nxf4 Kxf4 25.
Qxf7+ Bf5 26. O-O+ Ke5 27. Rxf5+ gxf5 28. Qg7+ Ke4 29. Qxh8 f4 30. Qe8+ Kd3 31.
Qg6+ Kxc3 32. Nxb6 Kb2 33. Qxh6 Kxa2 34. Qe6+ Ka3 35. Nc4+ Kb4 36. Qg4 Kxc4 37.
Qxf4+ Kc5 38. Qd2 Kc4 39. Kf2 Kc5 40. Ke3 Kc6 41. Qd4 Kb5 42. Qc3 Kb6 43. Kd4
Ka7 44. Qc5+ Ka6 45. Qb4 Ka7 46. Kc5 Ka8 47. Kc6 Ka7 48. Qb6+ Ka8 49. Qa6+ Kb8
50. Qb7# 1-0